Karl Marx on colonialism and modernization ; his despatches [as printed] and other writings on China, India, Mexico, the Middle East and North Africa /

Bibliographic Details
Main Author: Marx, Karl, 1818-1883
Other Authors: Avineri, Shlomo
Format: Book
Language:English
Published: Garden City, N.Y. : Doubleday, 1968.
Edition:[1st ed.].
Subjects:

MARC

Tag First Indicator Second Indicator Subfields
LEADER 00000cam a2200000 4500
001 in00000304539
005 20151010092817.0
008 680411s1968 nyu b 00110 eng
010 |a  68025591  
035 |a (OCoLC)00390866 
035 |9 ABG7347AM 
037 |c $6.95 
040 |a DLC  |c DLC  |d TXA  |d UtOrBLW 
049 |a TXAM  |c [526790] 
050 0 0 |a D355  |b .M313 
082 0 |a 909.81/08 
100 1 |a Marx, Karl,  |d 1818-1883. 
245 1 0 |a Karl Marx on colonialism and modernization ;  |b his despatches [as printed] and other writings on China, India, Mexico, the Middle East and North Africa /  |c Edited with an introd. by Shlomo Avineri. 
250 |a [1st ed.]. 
264 1 |a Garden City, N.Y. :  |b Doubleday,  |c 1968. 
300 |a xiii, 464 pages ;  |c 22 cm. 
336 |a text  |b txt  |2 rdacontent 
337 |a unmediated  |b n  |2 rdamedia 
338 |a volume  |b nc  |2 rdacarrier 
504 |a Bibliographical footnotes. 
650 0 |a History, Modern  |y 19th century. 
700 1 |a Avineri, Shlomo. 
999 |a MARS 
999 f f |s 4b382d65-764b-3276-9961-91f313aa386b  |i 56eee626-06d0-3a3e-982e-286a65145a1a  |t 0 
952 f f |p normal  |a Texas A&M University  |b College Station  |c Sterling C. Evans Library  |d Evans: Library Stacks  |t 0  |e D355 .M313  |h Library of Congress classification  |i unmediated -- volume  |m A14801877512 
998 f f |a D355 .M313  |t 0  |l Evans: Library Stacks